La dama de espaldas / (Record no. 122964)

MARC details
000 -LEADER
campo de control de longitud fija 00712nam a2200205 4500
001 - NÚMERO DE CONTROL
campo de control 122964
003 - IDENTIFICADOR DE NÚMERO DE CONTROL
campo de control ES-MaACL
005 - FECHA Y HORA DE LA ÚLTIMA TRANSACCIÓN
campo de control 20231201062950.0
007 - CAMPO FIJO DE DESCRIPCIÓN FÍSICA--INFORMACIÓN GENERAL
campo de control de longitud fija t|
008 - DATOS DE LONGITUD FIJA--INFORMACIÓN GENERAL
campo de control de longitud fija 070214s1944 ag r ||||0| spa d
100 1# - ENTRADA PRINCIPAL--NOMBRE DE PERSONA
Nombre de persona Pushkin, Aleksandr Sergueevich,
Fechas asociadas al nombre 1799-1837
9 (RLIN) 94427
245 13 - MENCIÓN DEL TÍTULO
Título La dama de espaldas /
Mención de responsabilidad, etc. Aleksandr Sergueevich Pushkin, ; traducción especial del ruso por la princesa Olga de Wolkownsky.
260 ## - PUBLICACIÓN, DISTRIBUCIÓN, ETC.
Lugar de publicación, distribución, etc. Buenos Aires :
Nombre del editor, distribuidor, etc. Emecé,
Fecha de publicación, distribución, etc. 1944.
300 ## - DESCRIPCIÓN FÍSICA
Extensión 71 p ;
Dimensiones 19 cm.
490 1# - MENCIÓN DE SERIE
Mención de serie Cuadernos de la quimera ;
Designación de volumen o secuencia 3
700 1# - ENTRADA AGREGADA--NOMBRE PERSONAL
Nombre de persona Wolkownsky, Olga de.
9 (RLIN) 117282
830 0# - PUNTO DE ACCESO ADICIONAL DE SERIE-TÍTULO UNIFORME
Título uniforme Cuadernos de la quimera ;
Designación de volumen o secuencia 3
9 (RLIN) 181477
852 ## - LOCALIZACIÓN
Ubicación ES-MaACL
Número de control de estantería 1723-F-26
Sublocalización o colección R.27228
Holdings
Estatus retirado Estado de pérdida Estado de daño No para préstamo Colección Biblioteca de origen Biblioteca actual Ubicación en estantería Fecha de adquisición Fuente de adquisición Total de préstamos Signatura topográfica completa Código de barras Visto por última vez Precio de reemplazo Tipo de ítem Koha
        Colección de folletos Biblioteca del Ateneo de Madrid Biblioteca del Ateneo de Madrid Depósito folletos 17/01/2008     1723-F-26 1128132 23/02/2023 23/02/2023 Folleto